000 00923nam a2200253 a 4500
001 000018538
005 20200929165822.0
008 100511s1985 sp a 000 f spa d
020 _a8420726354
040 _aDO-SdBNP
_bspa
_cBNPHU
082 _a863.5
_bA321som
100 1 _aAlarcón, Pedro Antonio de,
_d1833-1891
_938330
245 1 3 _aEl sombrero de tres picos /
_cPedro Antonio de Alarcón ; edición, introducción, notas, comentarios y apéndice de Tomás Rodríguez Sánchez.
260 _aMadrid :
_bAnaya,
_c1985.
300 _a199, [1] p. :
_bil. ;
_c19 cm.
490 1 _aBiblioteca didáctica Anaya
_v9
500 _aIncluye notas al pie de las páginas
650 4 _aNovela española
_91123
650 4 _aLiteratura española
_xCrítica e interpretación
_94054
700 1 _aRodríguez Sánchez, Tomás,
_eed.
_940091
830 0 _aBiblioteca didáctica Anaya ;
_v9
_98965
910 _aWM
049 _aBNGR
999 _c18058
_d18058